000 00652nam a2200229Ia 4500
003 OSt
005 20220928130707.0
006 a|||||r|||| 00| 0
007 ta
008 220927b |||||||| |||| 00| 0 eng d
024 _a35721
037 _cTextual
040 _aSDCL
_cSDCL
_beng
041 _2eng
_aeng
082 _aX9(J).435'N8, M5
100 _aScott James C
_9398119
245 0 _aWeapons of the weak
_b Everyday forms of peasant resistance
260 _aOxford
_bOxford University Perss
_c1990
300 _axxii,389p
_ccm.
942 _hX9(J).435'N8, M5
_cTEXL
_2CC
999 _c788118
_d788118